| Tag |
First Indicator |
Second Indicator |
Subfields |
| LEADER |
00000cem a2200000 a 4500 |
| 001 |
in00001144331 |
| 005 |
20151001051205.0 |
| 007 |
aj canzn |
| 008 |
930602s1993 nmuag a f 0 eng d |
| 010 |
|
|
|a gp 93080675
|
| 034 |
1 |
|
|a a
|b 500000
|
| 035 |
|
|
|a (OCoLC)28195277
|
| 035 |
|
|
|9 AGC0790AM
|
| 040 |
|
|
|a GPO
|c GPO
|d DLC
|d UtOrBLW
|
| 052 |
|
|
|a 4322
|b R5
|
| 074 |
|
|
|a 0629-B
|
| 086 |
0 |
|
|a I 53.22:R 47
|
| 110 |
1 |
|
|a United States.
|b Bureau of Land Management.
|b Rio Puerco Resource Area.
|
| 245 |
1 |
0 |
|a Rio Puerco Resource Area :
|b land status 1993 /
|c United States Department of the Interior, Bureau of Land Management, Albuquerque District Office, Rio Puerco Resource Area.
|
| 255 |
|
|
|a Scale 1:500,000.
|
| 264 |
|
1 |
|a Albuquerque, N.M. :
|b The Office,
|c 1993.
|
| 300 |
|
|
|a 1 map :
|b color ;
|c 47 x 71 cm.
|
| 336 |
|
|
|a cartographic image
|b cri
|2 rdacontent
|
| 337 |
|
|
|a unmediated
|b n
|2 rdamedia
|
| 338 |
|
|
|a sheet
|b nb
|2 rdacarrier
|
| 500 |
|
|
|a Relief shown by contours and spot heights.
|
| 500 |
|
|
|a Shows public lands, state lands, Indian reservations, national parks and monuments, military lands, national forests, and grants.
|
| 500 |
|
|
|a Shipping list number: 93-0261-P.
|
| 500 |
|
|
|a Cartographic material.
|
| 650 |
|
0 |
|a Land use
|z Puerco, River, Region (N.M. and Ariz.)
|x Maps.
|
| 650 |
|
0 |
|a Conservation of natural resources
|z Puerco, River (N.M. and Ariz.)
|x Maps.
|
| 651 |
|
0 |
|a Puerco River (N.M. and Ariz.)
|x Maps.
|
| 999 |
|
|
|a MARS
|
| 999 |
f |
f |
|s 7d9de2ca-b77e-3f3d-86e2-7542953a98e4
|i 75b3e00c-f9e9-3b42-96f6-43e68e6dd0be
|t 0
|
| 952 |
f |
f |
|p normal
|a Texas A&M University
|b College Station
|c Sterling C. Evans Library
|d Evans: Maps (2nd floor)
|t 0
|e G4322.R5 1993 .U5
|h Library of Congress classification
|i unmediated -- sheet
|m A14816727162
|
| 998 |
f |
f |
|a G4322.R5 1993 .U5
|t 0
|l Evans: Maps (2nd floor)
|